Opening the doors on the portals (Record no. 66455)

MARC details
000 -LEADER
fixed length control field 01056cam a2200217 4500
001 - CONTROL NUMBER
control field ABS63713
008 - FIXED-LENGTH DATA ELEMENTS--GENERAL INFORMATION
fixed length control field 000000n2001 000 0 eng u
035 ## - SYSTEM CONTROL NUMBER
System control number (Sirsi) u111515
100 ## - MAIN ENTRY--PERSONAL NAME
Personal name North, B.
245 ## - TITLE STATEMENT
Title Opening the doors on the portals
260 ## - PUBLICATION, DISTRIBUTION, ETC.
Date of publication, distribution, etc. 2001
490 ## - SERIES STATEMENT
Series statement Estate Agency News
Volume/sequential designation (165) March 2001, 22(1)
520 ## - SUMMARY, ETC.
Summary, etc. There are now over 100 internet property portals on offer to estate agents, presenting them with a bewildering choice. In order to assist agents in the selection process, presents a summary of the findings of a survey of seven of the top portal sites: 08004homes, asserta, Fish4, move.co.uk, primelocation, propertyfinder and rightmove. Criteria used to compare the portals include: property findings, sample searches, membership information, marketing and promotion, site traffic figures, top 3 site features and top 3 frustrations.
590 ## - LOCAL NOTE (RLIN)
Local note ABS
650 ## - SUBJECT ADDED ENTRY--TOPICAL TERM
Topical term or geographic name entry element E-COMMERCE
650 ## - SUBJECT ADDED ENTRY--TOPICAL TERM
Topical term or geographic name entry element PORTALS
650 ## - SUBJECT ADDED ENTRY--TOPICAL TERM
Topical term or geographic name entry element COMPARISONS
650 ## - SUBJECT ADDED ENTRY--TOPICAL TERM
Topical term or geographic name entry element SURVEY
690 ## - LOCAL SUBJECT ADDED ENTRY--TOPICAL TERM (OCLC, RLIN)
Topical term or geographic name as entry element INFORMATION TECHNOLOGY-INTERNET
942 ## - ADDED ENTRY ELEMENTS (KOHA)
Suppress in OPAC 0
Holdings
Withdrawn status Lost status Source of classification or shelving scheme Damaged status Not for loan Home library Current library Shelving location Date acquired Total Checkouts Full call number Barcode Date last seen Copy number Price effective from Koha item type
    Dewey Decimal Classification     London London Journal article 20/03/2001   ABS63713 111515-1001 06/08/2019 1 06/08/2019 Journal article